01191nam a22003617a 45000010009000000050017000090080041000260100017000670220017000840250020001010300011001210350024001320400053001560420023002090500016002320820014002482100014002622220014002762450015002902600035003053000029003403100029003693210025003983620103004235100034005265900032005606500034005926500036006269060045006629420015007079990017007229520090007391116118220060826082149.0750823c19549999ii sr 0 a0eng  asa 68017314  a0010-18262z aPL480:I-D-E-904 aCOLOBG a(OCoLC)ocm01564207  aDLCcMnMULSdOCoLCdOCoLCdAIPdNSDPdDLCdOCoLC ansdpalcdapremarc aTP890b.C62 a667/.3/05 aColourage aColourage aColourage. a[Bombay,bColour Publications] av.bill., ports.c29 cm. aSemimonthly,bJan. 1970- aMonthly,b-Dec. 1969 aBegan in 1954.zCf. India (Republic). Office of the Registrar of Newspapers. Press in India, 1969. aChemical abstractsx0009-2258 aSERBIB/SERLOC merged record aDyes and dyeingvPeriodicals. aTextile finishingvPeriodicals. a7bcbccserialsduencipf19gn-oclcserc 2ddccSRs1 c20918d20918 00102ddc40718NFICaDBADbDBADd2009-01-13l0r2009-01-13 00:00:00w2009-01-13ySR